|
|
|
|
| LEADER |
00948pam a22002658a 4500 |
| 001 |
00018958 |
| 005 |
20171026081022.0 |
| 008 |
110505s2007 ||||||Viesd |
| 041 |
0 |
# |
|a Vie
|
| 082 |
1 |
# |
|a 895.922 834 08
|b V115H
|
| 100 |
0 |
# |
|e Chủ biên
|a Trịnh Bá Đĩnh
|
| 245 |
0 |
0 |
|a Văn học Việt Nam thế kỷ XX
|b Tạp văn và các thể ký Việt Nam 1900 - 1945
|c Trịnh Bá Đĩnh
|n Q.3 - T.4
|
| 260 |
# |
# |
|a H.
|b Văn học
|c 2007
|
| 300 |
# |
# |
|a 1090 tr.
|c 24 cm.
|
| 500 |
# |
# |
|a Sách nhà nước đặt hàng
|
| 650 |
# |
7 |
|2 Văn học hiện đại
|
| 653 |
# |
# |
|a Thể ký
|
| 653 |
# |
# |
|a Tạp văn
|
| 852 |
# |
# |
|b Kho mượn
|j KM.0005171, KM.0005170, KM.0005460
|
| 852 |
# |
# |
|b Kho đọc
|j KD.0005078
|
| 852 |
# |
# |
|j KM.0005171
|j KD.0005078
|j KM.0005170
|j KM.0005460
|
| 910 |
|
|
|d 05/05/2011
|
| 980 |
# |
# |
|a Trung tâm Học liệu Lê Vũ Hùng, Trường Đại học Đồng Tháp
|